000
00338nam a22001457a 4500
008
211019b ||||| |||| 00| 0 eng d
020
_a
9780789496478
041
_a
eng
080
_a
330
082
_a
330
100
_a
58
101
_a
BIZ
245
_a
Re-imagine! Business Excellence in a Disruptive Age
_c
Peter,T
942
_2
udc
_c
BK
999
_c
58264
_d
58264